000 00403nam a2200145Ia 4500
008 151213s9999 xx 000 0 und d
100 _aBarbara A. Glanz
245 _aHandle With Care : Motivating & Retaining Employees
_cBarbara A. Glanz
260 _aNew Yeork
_bMc Graw Hill
_c2002
300 _a2037 p.
650 _aManagement
650 _aManagement
700 _aBarbara A. Glanz
999 _c1494
_d1494